La genealogía de la moral: un escrito polémico

Sábháilte in:
Sonraí bibleagrafaíochta
Formáid: LEABHAR
Teanga:Spáinnis
Foilsithe / Cruthaithe: Madrid Alianza 1972
Sraith:El Libro de Bolsillo. Sección: Clásicos, 356
Ábhair:
Clibeanna: Cuir clib leis
Níl clibeanna ann, Bí ar an gcéad duine le clib a chur leis an taifead seo!

MARC

LEADER 00000cam a2200000 a 4500
001 UCX3205
003 CL-VaPUC
008 911014e19720000SP |||||||||||||||||spa|d
020 |a 8420613568 
082 0 4 |a 170  |b NIE  |2 21 
245 1 3 |a La genealogía de la moral: un escrito polémico 
300 |a 203 p 
942 |c BK 
945 |d 19911014 00:00:00 
260 |a Madrid  |b Alianza  |c 1972 
650 0 |a Ética  |9 255099 
650 0 |a Ascetismo   |9 319291 
583 |a last modification  |c 20150713 11:59:51  |k Rodrigo Vera 
490 0 |a El Libro de Bolsillo. Sección: Clásicos, 356 
999 |c 224012  |d 224010 
952 |0 0  |1 0  |4 0  |6 170_000000000000000_NIE_1972  |7 0  |8 A  |9 220348  |a BIBTEO  |b BIBTEO  |d 2019-11-15  |i 2890836  |l 1  |m 1  |o 170 NIE 1972  |p 2890836  |r 2025-01-17  |s 2023-08-21  |w 2019-11-15  |y BK  |k ICR 
952 |0 0  |1 0  |4 0  |6 170_000000000000000_NIE_1972  |7 0  |8 A  |9 220349  |a BIBART  |b BIBART  |d 2019-11-15  |i 3519058  |o 170 NIE 1972  |p 3519058  |r 2025-03-13  |w 2019-11-15  |y BK  |k ART 
952 |0 0  |1 0  |4 0  |6 170_000000000000000_NIE_1972  |7 0  |8 A  |9 220350  |a BIBDER  |b BIBDER  |d 2019-11-15  |i 3919358  |l 1  |o 170 NIE 1972  |p 3919358  |r 2023-01-25  |s 2021-07-08  |w 2019-11-15  |y BK  |k DER 
952 |0 0  |1 0  |3 erb  |4 0  |6 170_000000000000000_NIE_1972  |7 0  |8 A  |9 220351  |a BIBEDU  |b BIBEDU  |e Villagrán Garnham, Jorge  |i 5186927  |o 170 NIE 1972  |p 5186927  |r 2019-11-15  |w 2019-11-15  |y BK  |z Catalogado en:20150728  |k FIL 
952 |0 0  |1 0  |3 erb  |4 0  |6 170_000000000000000_NIE_1972  |7 0  |8 A  |9 220352  |a BIBART  |b BIBART  |i 5386209  |l 4  |o 170 NIE 1972  |p 5386209  |r 2025-03-13  |s 2024-07-30  |w 2019-11-15  |y BK  |z Catalogado en:20170407  |k ART